| 000 | 00497nam a2200181 a 4500 | ||
|---|---|---|---|
| 001 | 2425 | ||
| 005 | 20140414131920.0 | ||
| 008 | 050601s19uu xx 00 eng d | ||
| 020 | _a1-85881-103-1 | ||
| 050 |
_aER _bN11 1993 |
||
| 100 | _aAdams, Georgie | ||
| 245 |
_aNanny fox / _cGeorgie Adams ; illustrated by Selian Young. |
||
| 260 |
_aLondon : _bOrion Children's Book, _c1993. |
||
| 300 | _ap. : ill. ; cm. | ||
| 650 |
_aFoxes _xFiction. |
||
| 650 | _aChildren stories. | ||
| 999 |
_c111718 _d111718 |
||